000 00416nam a22001577a 4500
003 OSt
008 260417b |||||||| |||| 00| 0 eng d
082 _a581.2326
_bG96S
100 _aGupta, Ramesh Nath
245 _aStudies on Nutrient Status in Red Rot Affected Sugarcane
260 _aPusa, Samastipur
_bRAU, Pusa
_c2001
300 _a48P.
502 _bMsc.
_d2001
650 _aPlant Pathology
942 _2ddc
_cT
999 _c50084
_d50084